| Tag |
First Indicator |
Second Indicator |
Subfields |
| LEADER |
00000cam a2200000 a 4500 |
| 001 |
in00000016466 |
| 005 |
20220103134406.0 |
| 007 |
cr unu a |
| 008 |
880526s1986 xx a b 00010 eng d |
| 035 |
|
|
|9 AAA9156AM
|
| 035 |
|
|
|a (OCoLC)18005930
|
| 040 |
|
|
|a TXA
|c TXA
|d UtOrBLW
|
| 043 |
|
|
|a n-us-wa
|a n-cn-bc
|
| 049 |
|
|
|a TXAZ [Also in] [Archives]
|c 1 [A10083439], 2 [A10083489]
|
| 099 |
|
|
|a 1986
|a Thesis
|a A419
|
| 100 |
1 |
|
|a Allard, Marc William,
|d 1961-
|
| 245 |
1 |
0 |
|a Morphological variation among cytotypes of deer mice (Peromyscus maniculatus) from the Pacific northwest (United States and Canada) /
|c by Marc William Allard.
|
| 264 |
|
1 |
|a [Place of publication not identified] :
|b [publisher not identified] ;
|c 1986.
|
| 300 |
|
|
|a ix, 62 leaves :
|b illustrations ;
|c 29 cm.
|
| 336 |
|
|
|a text
|b txt
|2 rdacontent
|
| 337 |
|
|
|a computer
|b c
|2 rdamedia
|
| 338 |
|
|
|a online resource
|b cr
|2 rdacarrier
|
| 500 |
|
|
|a "Major subject: Zoology."
|
| 500 |
|
|
|a Typescript (photocopy).
|
| 500 |
|
|
|a Vita.
|
| 502 |
|
|
|b M.S.
|c Texas A&M University
|d 1986.
|
| 504 |
|
|
|a Bibliography: leaves 47-51.
|
| 530 |
|
|
|a Also available online.
|
| 650 |
|
0 |
|a Peromyscus maniculatus
|x Morphology.
|
| 650 |
|
0 |
|a Rodents
|z British Columbia.
|
| 650 |
|
0 |
|a Rodents
|z Washington (State)
|
| 650 |
|
4 |
|a Major zoology.
|
| 856 |
4 |
1 |
|u https://hdl.handle.net/1969.1/ETD-TAMU-1986-THESIS-A419
|z Link to OAKTrust copy
|t 0
|
| 999 |
|
|
|a MARS
|
| 999 |
f |
f |
|s 58d8d3e9-d5eb-38c1-9db8-ce2a1251cf57
|i 15fdd39a-314a-3e11-bec1-e459af8e7810
|t 0
|
| 952 |
f |
f |
|p noncirc
|a Texas A&M University
|b J.J. Pickle Campus
|c High Density Repository
|s HDR
|d Remote Storage
|t 0
|e 1986 Thesis A419
|h Other scheme
|i computer -- online resource
|m A14839610203
|
| 952 |
f |
f |
|a Texas A&M University
|b College Station
|c Electronic Resources
|s www_evans
|d Available Online
|t 0
|e 1986 Thesis A419
|h Other scheme
|
| 998 |
f |
f |
|a 1986 Thesis A419
|t 0
|l Remote Storage
|
| 998 |
f |
f |
|a 1986 Thesis A419
|t 0
|l Available Online
|